[Event "16th Reykjavik op"]
[Site "Reykjavik ISL"]
[Date "1994.02.11"]
[Round "7"]
[White "Ernst, Thomas"]
[Black "Thorhallsson, Gylfi"]
[Result "1-0"]
[WhiteElo "2480"]
[BlackElo "2295"]
[EventDate "1994.02.05"]
[PlyCount "74"]

1.e4 e5 2.Nf3 Nc6 3.Bb5 a6 4.Ba4 Nf6 5.O-O Be7 6.Re1 b5 7.Bb3 O-O 8.c3 d5 
9.exd5 Nxd5 10.Nxe5 Nxe5 11.Rxe5 c6 12.d4 Bd6 13.Re1 Qh4 14.g3 Qh3 15.Be3 
Bg4 16.Qd3 Rae8 17.Nd2 Re6 18.a4 b4 19.Qf1 Qh5 20.Qxa6 Rfe8 21.Bxd5 cxd5 
22.Qb5 Rb8 23.Qd3 g5 24.Qf1 Rbe8 25.Qg2 bxc3 26.bxc3 f5 27.Qxd5 f4 28.Ne4 
Kh8 29.Nxd6 fxe3 30.Rxe3 Rxe3 31.fxe3 Rxe3 32.Rf1 Bf3 33.Qf5 Kg7 34.Ne8+ 
Qxe8 35.Qxg5+ Kf8 36.Qf4+ Kg7 37.Rxf3 1-0

[Event "16th Reykjavik op"]
[Site "Reykjavik ISL"]
[Date "1994.02.11"]
[Round "7"]
[White "Bjornsson, Tomas"]
[Black "Einarsson, Halldor"]
[Result "1/2-1/2"]
[WhiteElo "2260"]
[BlackElo "2325"]
[EventDate "1994.02.05"]
[PlyCount "56"]

1.e4 e6 2.d3 d5 3.Nd2 c5 4.Ngf3 Nc6 5.g3 g6 6.Bg2 Bg7 7.O-O Nge7 8.Re1 b6 
9.e5 Qc7 10.Qe2 g5 11.Nxg5 Qxe5 12.Qxe5 Nxe5 13.Nc4 dxc4 14.Bxa8 cxd3 15.
cxd3 Nxd3 16.Re2 Ba6 17.Rc2 c4 18.Be4 Nc5 19.Be3 Na4 20.Rd1 h6 21.Rcd2 Nd5
22.Rxd5 exd5 23.Bxd5 O-O 24.Nxf7 Nxb2 25.Ne5+ Kh7 26.Be4+ Kg8 27.Bd5+ Kh7 
28.Be4+ 1/2-1/2

[Event "16th Reykjavik op"]
[Site "Reykjavik ISL"]
[Date "1994.02.11"]
[Round "7"]
[White "Bjarnason, Saevar"]
[Black "Halldorsson, Bragi"]
[Result "0-1"]
[WhiteElo "2315"]
[BlackElo "2225"]
[EventDate "1994.02.05"]
[PlyCount "84"]

1.d4 Nf6 2.c4 c6 3.Nf3 d5 4.e3 e6 5.Nc3 Nbd7 6.Bd3 dxc4 7.Bxc4 b5 8.Bd3 b4
9.Na4 c5 10.O-O Bb7 11.Nxc5 Nxc5 12.dxc5 Bxc5 13.Bb5+ Ke7 14.Qe2 Qb6 15.
Bd3 Rhd8 16.Rd1 Be4 17.Bxe4 Rxd1+ 18.Qxd1 Nxe4 19.Qc2 Rd8 20.Bd2 Nxd2 21.
Nxd2 Qb5 22.Nb3 Bb6 23.Qxh7 Qe2 24.Qb1 a5 25.Qc1 e5 26.Qf1 Qxb2 27.Qb5 
Qxa1+ 28.Nxa1 Rd1+ 29.Qf1 Rxf1+ 30.Kxf1 Kd6 31.Ke2 Kd5 32.Kd3 e4+ 33.Kd2 
Kc4 34.Nc2 a4 35.h4 b3 36.axb3+ Kxb3 37.g4 Ba5+ 38.Kc1 Bc3 39.Kb1 a3 40.
Nd4+ Bxd4 41.exd4 Kc4 42.h5 f6 0-1

[Event "16th Reykjavik op"]
[Site "Reykjavik ISL"]
[Date "1994.02.11"]
[Round "7"]
[White "Bjornsson, Bjorn"]
[Black "Happel, Hendrik"]
[Result "1-0"]
[WhiteElo "2200"]
[BlackElo "2270"]
[EventDate "1994.02.05"]
[PlyCount "96"]

1.d4 Nf6 2.c4 e6 3.Nc3 Bb4 4.e3 b6 5.Ne2 Ba6 6.a3 Be7 7.Nf4 d5 8.cxd5 Bxf1
9.Kxf1 Nxd5 10.Ncxd5 exd5 11.Qh5 Bg5 12.Ne6 g6 13.Qxg5 fxe6 14.Qe5 Kd7 15.
Qg7+ Kc8 16.h4 Qg8 17.Qxg8+ Rxg8 18.Bd2 Kb7 19.Ke2 Nd7 20.a4 Nf6 21.Rhc1 
a5 22.b4 axb4 23.Bxb4 Ra6 24.a5 Rga8 25.Rab1 Ne4 26.f3 Nd6 27.Bxd6 cxd6 
28.axb6 Rxb6 29.Rxb6+ Kxb6 30.f4 Kb7 31.h5 gxh5 32.Rh1 Rg8 33.Kf3 Kc6 34.
Rxh5 Rg7 35.Rh6 Kd7 36.g4 Rf7 37.Kg3 Ke7 38.g5 Rg7 39.Kg4 Kf7 40.Rf6+ Ke7 
41.Kh5 Rg8 42.Kh6 Rb8 43.Kg7 Rb3 44.Rf7+ Ke8 45.Kf6 Rxe3 46.Re7+ Kf8 47.
Rxh7 Kg8 48.Rb7 1-0

[Event "16th Reykjavik op"]
[Site "Reykjavik ISL"]
[Date "1994.02.11"]
[Round "7"]
[White "Van Parreren, Hanneke"]
[Black "Briem, Stefan"]
[Result "1-0"]
[WhiteElo "2195"]
[BlackElo "2205"]
[EventDate "1994.02.05"]
[PlyCount "96"]

1.d4 f5 2.c4 Nf6 3.Nf3 e6 4.Nc3 d5 5.Bf4 c6 6.e3 Be7 7.Bd3 O-O 8.O-O Ne4 
9.Bxe4 fxe4 10.Ne5 Nd7 11.f3 exf3 12.Rxf3 Nxe5 13.Bxe5 Bf6 14.Bxf6 Rxf6 
15.b3 Qf8 16.Rxf6 Qxf6 17.Qh5 g6 18.Qh6 Bd7 19.Rf1 Qg7 20.Qxg7+ Kxg7 21.
Na4 e5 22.Nc5 Bf5 23.cxd5 cxd5 24.Nxb7 Rb8 25.Nd6 exd4 26.Nxf5+ gxf5 27.
exd4 Kg6 28.Rc1 Rb4 29.Rc7 a5 30.Ra7 Rxd4 31.Rxa5 Kg5 32.Kf2 Rd2+ 33.Kf3 
f4 34.b4 Kf5 35.a4 Rd3+ 36.Ke2 Ke4 37.Ra7 Re3+ 38.Kd2 Rb3 39.b5 Rb2+ 40.
Kc3 Rxg2 41.Re7+ Kf5 42.b6 Kf6 43.b7 Rg8 44.Rc7 Rb8 45.a5 f3 46.Kd3 Re8 
47.Rc1 f2 48.Rf1 1-0

[Event "16th Reykjavik op"]
[Site "Reykjavik ISL"]
[Date "1994.02.12"]
[Round "8"]
[White "De Firmian, Nick"]
[Black "Zvjagintsev, Vadim"]
[Result "1-0"]
[WhiteElo "2580"]
[BlackElo "2545"]
[EventDate "1994.02.05"]
[PlyCount "77"]

1.e4 c5 2.Nf3 e6 3.d4 cxd4 4.Nxd4 Nc6 5.Nc3 Qc7 6.g3 a6 7.Bg2 d6 8.O-O Bd7
9.a4 Nf6 10.Nde2 Rb8 11.h3 b5 12.axb5 axb5 13.Nd4 Nxd4 14.Qxd4 e5 15.Qa7 
Qc8 16.Bg5 b4 17.Na2 d5 18.Bxf6 Bc5 19.Qxc5 Qxc5 20.Bxg7 Rg8 21.Bxe5 Rc8 
22.exd5 f6 23.Bf4 Kf7 24.c3 b3 25.Nb4 Rge8 26.Rfe1 Rxe1+ 27.Rxe1 Re8 28.
Be3 Qa5 29.Rd1 f5 30.Bf3 Kg6 31.d6 Re4 32.Bxe4 fxe4 33.Nd5 Qa6 34.Kh2 Qb5 
35.Rd4 Qf1 36.g4 h5 37.Nf4+ Kf7 38.Nxh5 Qb5 39.Rxe4 1-0

[Event "16th Reykjavik op"]
[Site "Reykjavik ISL"]
[Date "1994.02.12"]
[Round "8"]
[White "Sokolov, Ivan"]
[Black "Stefansson, Hannes Hlifar"]
[Result "0-1"]
[WhiteElo "2650"]
[BlackElo "2525"]
[EventDate "1994.02.05"]
[Source "Chesstempo"]
[PlyCount "90"]

1.d4 Nf6 2.c4 e6 3.Nf3 b6 4.Nc3 Bb7 5.a3 d5 6.Bg5 Be7 7.Bxf6 Bxf6 8.cxd5 
exd5 9.g3 O-O 10.Bg2 Qe7 11.O-O Rd8 12.b4 c5 13.bxc5 bxc5 14.e3 Nd7 15.Qd3
Nf8 16.Rfb1 Rac8 17.Ne2 Ne6 18.a4 g6 19.a5 cxd4 20.exd4 Rc4 21.a6 Bc8 22.
Qe3 Qc7 23.Ra2 Rc6 24.Rba1 Qd6 25.Ne5 Rxa6 26.f4 Qb6 27.Qd3 Rxa2 28.Rxa2 
a5 29.Kf2 Ba6 30.Qe3 Bxe2 31.Rxe2 Qxd4 32.Qxd4 Nxd4 33.Re1 Nc2 34.Rc1 Nb4 
35.Rc7 Bxe5 36.fxe5 Nd3+ 37.Ke3 Nxe5 38.Kd4 Ng4 39.h3 Nf6 40.Ra7 Rb8 41.g4
Rb2 42.g5 Ne4 43.Bxe4 dxe4 44.Rxa5 Rb3 45.h4 Rh3 0-1

[Event "16th Reykjavik op"]
[Site "Reykjavik ISL"]
[Date "1994.02.12"]
[Round "8"]
[White "Kotronias, Vassilios"]
[Black "Kengis, Edvins"]
[Result "1/2-1/2"]
[WhiteElo "2545"]
[BlackElo "2565"]
[EventDate "1994.02.05"]
[PlyCount "127"]

1.e4 c5 2.Nf3 d6 3.d4 Nf6 4.Nc3 cxd4 5.Nxd4 a6 6.Be3 e5 7.Nf3 Be7 8.Bc4 
O-O 9.O-O Nc6 10.Qe2 Na5 11.Bd3 h6 12.Na4 Be6 13.Nb6 Rb8 14.h3 Nc6 15.Rfd1
Nd7 16.Nd5 Re8 17.c4 Bf8 18.Rac1 g6 19.Qd2 Kh7 20.b4 Bg7 21.Bb1 Rc8 22.a4 
a5 23.b5 Ncb8 24.b6 Nc5 25.Qb2 Nba6 26.Nc7 Rxc7 27.bxc7 Qxc7 28.Qa3 Bd7 
29.Bxc5 Nxc5 30.Bc2 Bc6 31.Re1 Bf6 32.Rcd1 Be7 33.Rd2 Ra8 34.Nh2 Kg7 35.
Ng4 Ra6 36.Ne3 Nxe4 37.Bxe4 Bxe4 38.Nd5 Bxd5 39.cxd5 Bg5 40.Rd3 Rb6 41.Rc3
Qd7 42.Rb3 Rxb3 43.Qxb3 Bd2 44.Re2 Bb4 45.f4 Qf5 46.fxe5 Bc5+ 47.Kh2 Qf4+ 
48.g3 Qd4 49.Rg2 dxe5 50.Qxb7 Qxa4 51.Qc7 Qd4 52.Qxa5 Qxd5 53.Qa2 Qd6 54.
Qc4 Bd4 55.Qc2 Qf6 56.Qe4 h5 57.h4 Qf1 58.Qe2 Qf5 59.Qd2 Qg4 60.Qd3 Qd7 
61.Qf3 Qb5 62.Rc2 Qb1 63.Rc7 Qa2+ 64.Qg2 1/2-1/2

[Event "16th Reykjavik op"]
[Site "Reykjavik ISL"]
[Date "1994.02.12"]
[Round "8"]
[White "Pigusov, Evgeny"]
[Black "Atalik, Suat"]
[Result "1-0"]
[WhiteElo "2570"]
[BlackElo "2530"]
[EventDate "1994.02.05"]
[PlyCount "82"]

1.Nf3 Nf6 2.c4 g6 3.g3 Bg7 4.Bg2 O-O 5.d4 d6 6.O-O Nc6 7.Nc3 Rb8 8.h3 a6 
9.e4 b5 10.e5 dxe5 11.dxe5 Qxd1 12.Rxd1 Nd7 13.e6 fxe6 14.cxb5 axb5 15.Bf4
Nde5 16.Nxe5 Nxe5 17.Rac1 h6 18.Ne2 g5 19.Be3 c6 20.Nd4 Ra8 21.Nxc6 Nxc6 
22.Bxc6 Rxa2 23.b4 Be5 24.Bxb5 Rb2 25.Rb1 Rxb1 26.Rxb1 Bb7 27.Bf1 Be4 28.
Rc1 Rd8 29.b5 Bd4 30.Bxd4 Rxd4 31.Rc4 Rxc4 32.Bxc4 Kf7 33.f3 Bxf3 34.Kf2 
Bb7 35.Ke3 Ke8 36.Bxe6 Kd8 37.b6 Bg2 38.Kd4 Bf1 39.Kc5 Bg2 40.Kb5 Bf1+ 41.
Kc6 1-0

[Event "16th Reykjavik op"]
[Site "Reykjavik ISL"]
[Date "1994.02.12"]
[Round "8"]
[White "Garcia, Gildardo"]
[Black "Khenkin, Igor"]
[Result "1-0"]
[WhiteElo "2520"]
[BlackElo "2555"]
[EventDate "1994.02.05"]
[PlyCount "128"]

1.e4 c5 2.Nf3 e6 3.d4 cxd4 4.Nxd4 Nf6 5.Nc3 Nc6 6.Ndb5 Bb4 7.a3 Bxc3+ 8.
Nxc3 d5 9.Bd3 dxe4 10.Nxe4 Nxe4 11.Bxe4 Qxd1+ 12.Kxd1 f5 13.Bxc6+ bxc6 14.
Bf4 Ba6 15.Re1 Rd8+ 16.Kc1 Kf7 17.b3 Rd4 18.Be3 Rd7 19.c4 e5 20.Kc2 Bc8 
21.Rad1 a6 22.Rxd7+ Bxd7 23.Rd1 Be6 24.Bb6 Rc8 25.Rd6 f4 26.Kc3 Ke7 27.Bc5
Kf7 28.a4 Bf5 29.a5 g5 30.Kb4 h5 31.Bb6 e4 32.Bd4 Be6 33.Kc5 Rb8 34.b4 Rc8
35.Be5 h4 36.Bd4 Ke7 37.Bc3 Kf7 38.Rd4 Bf5 39.Kb6 e3 40.fxe3 fxe3 41.Kxa6 
c5 42.Rd5 Be4 43.b5 Ra8+ 44.Kb6 Rb8+ 45.Kc7 Bxd5 46.cxd5 Rxb5 47.d6 Rb3 
48.d7 Rxc3 49.d8=Q e2 50.Qd5+ Kf6 51.Qd6+ Kf5 52.Qd2 Ra3 53.Qxe2 Rxa5 54.
Qc2+ Kg4 55.h3+ Kg3 56.Qc3+ Kxg2 57.Qxa5 Kxh3 58.Qc3+ Kg4 59.Qxc5 Kf4 60.
Qf2+ Kg4 61.Kd6 Kh3 62.Qf3+ Kh2 63.Qg4 h3 64.Ke5 1-0

[Event "16th Reykjavik op"]
[Site "Reykjavik ISL"]
[Date "1994.02.12"]
[Round "8"]
[White "Shchekachev, Andrei"]
[Black "Hjartarson, Johann"]
[Result "1-0"]
[WhiteElo "2470"]
[BlackElo "2595"]
[EventDate "1994.02.05"]
[PlyCount "84"]

1.Nf3 c5 2.g3 Nc6 3.Bg2 g6 4.O-O Bg7 5.c4 Nf6 6.d4 cxd4 7.Nxd4 O-O 8.Nc2 
d6 9.Nc3 Nd7 10.Bd2 Nc5 11.b3 a5 12.Ne3 Bd7 13.Rb1 Nd4 14.a3 Bc6 15.b4 
axb4 16.axb4 Bxg2 17.Kxg2 Nce6 18.Ned5 Rc8 19.e3 Nf5 20.Qb3 Nc7 21.Nb6 Rb8
22.Rfd1 e6 23.Ne4 Na6 24.c5 Qc7 25.Bc3 Qc6 26.Qc4 dxc5 27.b5 Qxb6 28.Bxg7 
Kxg7 29.Qc3+ Kh6 30.bxa6 Qc6 31.f3 bxa6 32.Nf6 Rxb1 33.Ng4+ Kh5 34.Rxb1 
Rd8 35.Ne5 Qd5 36.g4+ Kh4 37.Qe1+ Kg5 38.Nxf7+ Kf6 39.Nxd8 Qa2+ 40.Kh1 
Nxe3 41.Qc3+ Ke7 42.Rb7+ 1-0

[Event "16th Reykjavik op"]
[Site "Reykjavik ISL"]
[Date "1994.02.12"]
[Round "8"]
[White "Van der Sterren, Paul"]
[Black "Petursson, Margeir"]
[Result "1/2-1/2"]
[WhiteElo "2610"]
[BlackElo "2550"]
[EventDate "1994.02.05"]
[PlyCount "58"]

1.d4 Nf6 2.c4 e6 3.Nf3 Bb4+ 4.Bd2 c5 5.Bxb4 cxb4 6.g3 O-O 7.Bg2 d6 8.O-O 
Nc6 9.a3 bxa3 10.Nxa3 e5 11.Nb5 a6 12.dxe5 dxe5 13.c5 Bh3 14.Bxh3 axb5 15.
Rxa8 Qxa8 16.e3 Qa2 17.Qe2 Qd5 18.Rc1 Rd8 19.Ne1 b4 20.Bf1 e4 21.Qc4 b3 
22.Qc3 Qd2 23.Bc4 Ng4 24.Qxd2 Rxd2 25.Bxb3 Rxb2 26.Bd5 Nxf2 27.Rc2 Rxc2 
28.Nxc2 Nd3 29.Bxe4 Nxc5 1/2-1/2

[Event "16th Reykjavik op"]
[Site "Reykjavik ISL"]
[Date "1994.02.12"]
[Round "8"]
[White "Gretarsson, Helgi Ass"]
[Black "Sabalovs, Aleksandrs"]
[Result "1-0"]
[WhiteElo "2415"]
[BlackElo "2590"]
[EventDate "1994.02.05"]
[PlyCount "93"]

1.d4 d5 2.c4 c6 3.cxd5 cxd5 4.Nf3 Nc6 5.Nc3 Nf6 6.Bf4 a6 7.e3 Bg4 8.Be2 e6
9.O-O Be7 10.Rc1 O-O 11.a3 Rc8 12.Nd2 Bxe2 13.Qxe2 Nd7 14.Rc2 Re8 15.Rfc1 
Bf8 16.Ncb1 h6 17.h3 Nb6 18.Bg3 Qd7 19.Qd3 Na4 20.b3 Nb6 21.Nf3 f6 22.Nh4 
e5 23.dxe5 fxe5 24.e4 Rcd8 25.Ng6 Qf7 26.Nxf8 Rxf8 27.Nd2 Qg6 28.Qe3 Nd4 
29.Rc7 dxe4 30.Bxe5 Nf5 31.Qxe4 Nd7 32.Nf3 Nxe5 33.Nxe5 Qd6 34.Qc4+ Qd5 
35.Rxb7 Nd4 36.Ng6 Qxc4 37.Rxc4 Ne2+ 38.Kh2 Rf6 39.Ne5 Rd5 40.Ng4 Re6 41.
Rc8+ Kh7 42.Rcc7 Rg5 43.Rf7 h5 44.Ne3 Re4 45.Nf5 Nd4 46.Nxd4 Rxd4 47.f4 
1-0

[Event "16th Reykjavik op"]
[Site "Reykjavik ISL"]
[Date "1994.02.12"]
[Round "8"]
[White "Danielsen, Henrik"]
[Black "Ehlvest, Jaan"]
[Result "0-1"]
[WhiteElo "2480"]
[BlackElo "2610"]
[EventDate "1994.02.05"]
[PlyCount "66"]

1.Nf3 g6 2.e4 d6 3.d4 Nf6 4.Bd3 Bg7 5.c3 O-O 6.O-O Nc6 7.Re1 e5 8.dxe5 
dxe5 9.Bg5 h6 10.Bh4 Qe8 11.Na3 Be6 12.Bc4 Nh5 13.Bxe6 fxe6 14.Nd2 g5 15.
Bg3 Qg6 16.Nf1 Rf7 17.Qb3 Rb8 18.Qc4 a6 19.Nc2 g4 20.a4 Rbf8 21.b4 Na7 22.
Rad1 Nc8 23.Nd2 Nd6 24.Qd3 Nf4 25.Bxf4 Rxf4 26.Re2 Nf7 27.Rf1 Ng5 28.Kh1 
h5 29.g3 R4f7 30.Ne1 Bh6 31.f3 h4 32.Rg2 Nh3 33.gxh4 Nf4 0-1

[Event "16th Reykjavik op"]
[Site "Reykjavik ISL"]
[Date "1994.02.12"]
[Round "8"]
[White "Shneider, Alexander"]
[Black "Ernst, Thomas"]
[Result "1/2-1/2"]
[WhiteElo "2570"]
[BlackElo "2480"]
[EventDate "1994.02.05"]
[PlyCount "78"]

1.d4 Nf6 2.c4 g6 3.Nc3 d5 4.cxd5 Nxd5 5.e4 Nxc3 6.bxc3 Bg7 7.Nf3 c5 8.Rb1 
O-O 9.Be2 cxd4 10.cxd4 Qa5+ 11.Bd2 Qxa2 12.O-O b6 13.Qc1 Bb7 14.Bc4 Qa4 
15.Bb5 Qa2 16.Bc4 Qa4 17.Bb5 Qa2 18.Re1 Rc8 19.Qd1 Qc2 20.Qe2 Qc7 21.Rbc1 
Qd8 22.Rxc8 Bxc8 23.Rc1 Bd7 24.e5 Bxb5 25.Qxb5 Nd7 26.Qc6 Nf8 27.Bg5 Rb8 
28.d5 h6 29.Bf4 e6 30.d6 Nd7 31.h4 Nc5 32.Qb5 Rc8 33.Be3 Nd7 34.Ra1 a5 35.
Rd1 Qe8 36.Bd4 Qd8 37.Be3 Kh7 38.Bd4 Kg8 39.Be3 1/2-1/2

[Event "16th Reykjavik op"]
[Site "Reykjavik ISL"]
[Date "1994.02.12"]
[Round "8"]
[White "Wojtkiewicz, Aleksander"]
[Black "Bronstein, David"]
[Result "1-0"]
[WhiteElo "2555"]
[BlackElo "2400"]
[EventDate "1994.02.05"]
[PlyCount "87"]

1.Nf3 b5 2.e4 Bb7 3.Bxb5 Bxe4 4.d4 Nf6 5.O-O e6 6.c4 Bb7 7.Nc3 Be7 8.d5 
O-O 9.Ba4 Na6 10.a3 Nc5 11.Bc2 a5 12.Be3 exd5 13.cxd5 g6 14.Re1 Nh5 15.Ne5
Ng7 16.Bd4 a4 17.Nxa4 d6 18.Ng4 f5 19.Bxg7 Kxg7 20.Qd4+ Bf6 21.Nxf6 Rxf6 
22.Nc3 Kg8 23.f4 Rf7 24.b4 Nd7 25.Ba4 Nf6 26.Bc6 Rb8 27.b5 Bxc6 28.dxc6 d5
29.Rad1 Qd6 30.a4 Ra8 31.Re5 Qa3 32.Nxd5 Rxa4 33.Nxf6+ Rxf6 34.Qd8+ Rf8 
35.Re8 Qc5+ 36.Kh1 Rb4 37.Rxf8+ Qxf8 38.Qxc7 Rxb5 39.h3 Rb8 40.Qd7 Qc5 41.
c7 Rf8 42.Qd5+ Qxd5 43.Rxd5 Kf7 44.Rd8 1-0

[Event "16th Reykjavik op"]
[Site "Reykjavik ISL"]
[Date "1994.02.12"]
[Round "8"]
[White "Gislason, Gudmundur"]
[Black "Budnikov, Andrei"]
[Result "0-1"]
[WhiteElo "2325"]
[BlackElo "2535"]
[EventDate "1994.02.05"]
[PlyCount "50"]

1.d4 e6 2.c4 b6 3.Nc3 Bb7 4.e4 Bb4 5.f3 f5 6.exf5 Nh6 7.fxe6 Nf5 8.Ne2 O-O
9.Qd3 Qh4+ 10.Kd1 dxe6 11.Kc2 Nc6 12.d5 Ncd4+ 13.Kb1 Rae8 14.g3 Nxg3 15.
Nxg3 Rxf3 16.Qe4 Qxe4+ 17.Ngxe4 exd5 18.Nd2 Rf2 19.a3 Bxc3 20.bxc3 Ne2 21.
Bxe2 Rexe2 22.Ra2 d4 23.Rf1 Rxf1 24.Nxf1 Be4+ 25.Ka1 Re1 0-1

[Event "16th Reykjavik op"]
[Site "Reykjavik ISL"]
[Date "1994.02.12"]
[Round "8"]
[White "Rashkovsky, Nukhim"]
[Black "Link, Michael"]
[Result "1/2-1/2"]
[WhiteElo "2535"]
[BlackElo "2290"]
[EventDate "1994.02.05"]
[PlyCount "120"]

1.d4 Nf6 2.Nf3 g6 3.g3 Bg7 4.Bg2 O-O 5.O-O d6 6.Nc3 c6 7.a4 d5 8.Bf4 a5 9.
Qd2 Bf5 10.Nh4 Be6 11.Bh6 Qb6 12.Bxg7 Kxg7 13.e3 Nbd7 14.h3 Ne8 15.e4 dxe4
16.Nxe4 Nef6 17.Ng5 Bd5 18.Rfe1 h6 19.Bxd5 Nxd5 20.c4 Qb4 21.Qc1 N5f6 22.
Ngf3 e6 23.Qc2 Rfe8 24.Re3 Qb6 25.Rc1 c5 26.Rb3 Qc7 27.Ne5 Nxe5 28.dxe5 
Nd7 29.Qe4 b6 30.Rd3 Rad8 31.Rcd1 Nb8 32.Rd6 Nc6 33.Nf3 Ne7 34.g4 Nc8 35.
R6d3 Rxd3 36.Qxd3 Ne7 37.Qd6 Rc8 38.b3 Nc6 39.Qxc7 Rxc7 40.Kf1 Kf8 41.Ke2 
Ke7 42.h4 Rd7 43.Rxd7+ Kxd7 44.Ke3 Ke7 45.Ke4 Kd7 46.h5 gxh5 47.gxh5 Ke7 
48.Nh2 Nd4 49.Ng4 Nf5 50.Nf6 Kd8 51.Kf4 Ke7 52.Ne4 Kd7 53.Nf6+ Ke7 54.Ng4 
Kf8 55.Kf3 Ke7 56.Ke4 Ke8 57.Kf4 Kf8 58.f3 Ke7 59.Nf6 Kd8 60.Ng4 Ke7 
1/2-1/2

[Event "16th Reykjavik op"]
[Site "Reykjavik ISL"]
[Date "1994.02.12"]
[Round "8"]
[White "Olafsson, Helgi"]
[Black "Olafsson, David"]
[Result "1-0"]
[WhiteElo "2535"]
[BlackElo "2270"]
[EventDate "1994.02.05"]
[PlyCount "46"]

1.d4 Nf6 2.c4 e5 3.dxe5 Ne4 4.Nd2 Bb4 5.a3 Bxd2+ 6.Bxd2 Nc6 7.Bf4 Qe7 8.
Nf3 f5 9.h4 b6 10.e3 Bb7 11.Bd3 O-O-O 12.Qc2 h6 13.O-O-O Rdf8 14.h5 Nc5 
15.Bxf5 Rxf5 16.Qxf5 Nb4 17.axb4 Be4 18.Rxd7 Nb3+ 19.Kd1 Qxb4 20.Qxe4 Nc5 
21.Rxc7+ Kxc7 22.e6+ Kd8 23.Qd5+ 1-0

[Event "16th Reykjavik op"]
[Site "Reykjavik ISL"]
[Date "1994.02.12"]
[Round "8"]
[White "Ibragimov, Ildar"]
[Black "Barillaro, Luca"]
[Result "1-0"]
[WhiteElo "2525"]
[BlackElo "2265"]
[EventDate "1994.02.05"]
[PlyCount "86"]

1.d4 f5 2.g3 g6 3.Bg2 Bg7 4.Nf3 Nf6 5.O-O O-O 6.c4 d6 7.Nc3 c6 8.d5 e5 9.
dxe6 Bxe6 10.b3 Na6 11.Bb2 Qe7 12.Ng5 Rad8 13.Nxe6 Qxe6 14.Qc2 Rfe8 15.
Rad1 Nc5 16.Rfe1 a5 17.e3 Nfe4 18.Re2 a4 19.Nxe4 axb3 20.axb3 Nxe4 21.Bxg7
Kxg7 22.Rd4 Re7 23.Re1 d5 24.cxd5 Rxd5 25.Rxd5 Qxd5 26.Rd1 Qe6 27.b4 Nf6 
28.Qc3 Rd7 29.Rxd7+ Qxd7 30.Bf3 h6 31.h3 Kf7 32.Be2 Qd6 33.g4 fxg4 34.hxg4
Nd5 35.Bc4 Qe6 36.Qd4 Ke7 37.Kf1 Qf6 38.Qe4+ Kd6 39.Bxd5 cxd5 40.Qe8 Kc7 
41.Qg8 Kc6 42.Qc8+ Kb6 43.Qc5+ 1-0

[Event "16th Reykjavik op"]
[Site "Reykjavik ISL"]
[Date "1994.02.12"]
[Round "8"]
[White "Halldorsson, Bragi"]
[Black "Ivanov, Mikhail M."]
[Result "0-1"]
[WhiteElo "2225"]
[BlackElo "2525"]
[EventDate "1994.02.05"]
[PlyCount "80"]

1.d4 Nf6 2.c4 g6 3.Nc3 Bg7 4.e4 d6 5.Be2 O-O 6.Nf3 e5 7.O-O Nc6 8.d5 Ne7 
9.Ne1 Ne8 10.f3 f5 11.g4 Kh8 12.Be3 c6 13.Nd3 Nf6 14.a3 b5 15.b3 cxd5 16.
cxd5 Bd7 17.Nf2 a6 18.Kh1 Rc8 19.Qd3 Qa5 20.b4 Qc7 21.Rfc1 Qb7 22.Na2 Rc4 
23.Rxc4 bxc4 24.Qc2 fxe4 25.fxe4 Nexd5 26.Bg5 Nb6 27.Nc3 d5 28.exd5 Nfxd5 
29.Kg1 Nxc3 30.Qxc3 e4 31.Qc1 Nd5 32.Ra2 Bd4 33.Bh4 e3 34.Nh3 Nc3 35.Qc2 
Nxa2 36.Qxa2 Bxg4 37.Qxc4 Bxe2 38.Qxd4+ Qg7 39.Qxg7+ Kxg7 40.Ng5 Bc4 0-1

[Event "16th Reykjavik op"]
[Site "Reykjavik ISL"]
[Date "1994.02.12"]
[Round "8"]
[White "Thorhallsson, Throestur"]
[Black "Sigfusson, Sigurdur"]
[Result "1/2-1/2"]
[WhiteElo "2470"]
[BlackElo "2250"]
[EventDate "1994.02.05"]
[PlyCount "86"]

1.d4 f5 2.g4 fxg4 3.e4 d5 4.e5 c5 5.dxc5 Nc6 6.Bf4 Be6 7.h3 g5 8.Bxg5 Bg7 
9.f4 Qa5+ 10.Qd2 Qxc5 11.hxg4 Bxg4 12.Be2 h5 13.Nc3 O-O-O 14.O-O-O d4 15.
Bxg4+ hxg4 16.Rxh8 Bxh8 17.Na4 Qd5 18.b3 Bg7 19.Qe2 Nh6 20.Kb1 Kb8 21.Bxh6
Bxh6 22.Qxg4 Rg8 23.Qh4 d3 24.Qe1 dxc2+ 25.Kxc2 Qg2+ 26.Kb1 Bxf4 27.Nc5 
Qg6+ 28.Qe4 Qxe4+ 29.Nxe4 Bxe5 30.Nf3 Bc7 31.Rd2 Rf8 32.Rd3 Nb4 33.Re3 Bb6
34.Rc3 a6 35.a3 Nd5 36.Rd3 Rd8 37.Ne5 Ka7 38.Nf7 Rf8 39.Rxd5 Rxf7 40.Rd7 
Kb8 41.Kc2 Kc8 42.Rd5 Rf3 43.a4 Rh3 1/2-1/2

[Event "16th Reykjavik op"]
[Site "Reykjavik ISL"]
[Date "1994.02.12"]
[Round "8"]
[White "Kveinys, Aloyzas"]
[Black "Ulfarsson, Magnus"]
[Result "1-0"]
[WhiteElo "2520"]
[BlackElo "2250"]
[EventDate "1994.02.05"]
[PlyCount "62"]

1.e4 c5 2.Nf3 d6 3.d4 cxd4 4.Nxd4 Nf6 5.Nc3 Nc6 6.Bg5 e6 7.Qd2 a6 8.O-O-O 
h6 9.Bf4 Bd7 10.Bg3 Rc8 11.Kb1 Be7 12.f4 Nxd4 13.Qxd4 Nh5 14.Be1 Nxf4 15.
Qxg7 Bf6 16.Qg3 Be5 17.Qe3 b5 18.a3 Ng6 19.Bd3 Qc7 20.Rf1 Qc5 21.Qf3 O-O 
22.Ne2 Bg7 23.Nf4 Ne5 24.Qe2 Nc4 25.Bxc4 bxc4 26.Nh5 Rb8 27.Qg4 Rxb2+ 28.
Kc1 Qe5 29.Qxg7+ Qxg7 30.Nxg7 Rb5 31.Rxd6 1-0

[Event "16th Reykjavik op"]
[Site "Reykjavik ISL"]
[Date "1994.02.12"]
[Round "8"]
[White "Gunnarsson, Arinbjorn"]
[Black "Steingrimsson, Hedinn"]
[Result "0-1"]
[WhiteElo "2235"]
[BlackElo "2420"]
[EventDate "1994.02.05"]
[PlyCount "74"]

1.e4 c5 2.c4 Nc6 3.Ne2 e6 4.Nbc3 Nf6 5.d4 cxd4 6.Nxd4 Bb4 7.Nxc6 bxc6 8.e5
Ne4 9.a3 Nxc3 10.Qg4 Qa5 11.Qxg7 Rf8 12.Bd3 Ba6 13.O-O Be7 14.Bh6 Na4 15.
b4 Qc7 16.Qxh7 Qxe5 17.Bxf8 Bxf8 18.c5 Bxd3 19.Qxd3 a5 20.Kh1 f5 21.Rfe1 
Qf6 22.Rac1 Bg7 23.b5 cxb5 24.Qxb5 Nc3 25.Qb7 Qd8 26.c6 Rc8 27.cxd7+ Qxd7 
28.Qa6 Kf7 29.Qxa5 Bd4 30.f3 Qd6 31.Red1 Rh8 32.h3 Nxd1 33.Rxd1 Qf4 34.Qb4
Rxh3+ 35.gxh3 Qxf3+ 36.Kh2 Qe2+ 37.Kg3 Qf2# 0-1

[Event "16th Reykjavik op"]
[Site "Reykjavik ISL"]
[Date "1994.02.12"]
[Round "8"]
[White "Bjornsson, Bjorn"]
[Black "Bjornsson, Tomas"]
[Result "1/2-1/2"]
[WhiteElo "2200"]
[BlackElo "2260"]
[EventDate "1994.02.05"]
[PlyCount "82"]

1.d4 d5 2.c4 c6 3.Nc3 Nf6 4.e3 g6 5.Nf3 Bg7 6.Bd3 O-O 7.Ne5 Be6 8.cxd5 
Nxd5 9.Nxd5 Qxd5 10.Nf3 Bg4 11.h3 Bxf3 12.Qxf3 Qxf3 13.gxf3 Nd7 14.Rb1 e5 
15.dxe5 Nxe5 16.Be2 Rfd8 17.O-O Nd3 18.Rd1 Nxc1 19.Rbxc1 Kf8 20.b3 Ke7 21.
Bc4 Rxd1+ 22.Rxd1 b5 23.Bd3 Rd8 24.Kf1 Rd5 25.Ke2 Bc3 26.f4 b4 27.f5 Ra5 
28.Bb1 gxf5 29.f4 h6 30.Rg1 Rd5 31.Bd3 Rd8 32.Rg2 Kf6 33.Rg1 a5 34.Rd1 Rg8
35.Kf2 Rd8 36.Be2 Ke7 37.Bf3 Rc8 38.Rd3 Rc7 39.a4 Rc8 40.Rd1 c5 41.Be2 
1/2-1/2

[Event "16th Reykjavik op"]
[Site "Reykjavik ISL"]
[Date "1994.02.12"]
[Round "8"]
[White "Werner, Bernd-Michael"]
[Black "Bjarnason, Saevar"]
[Result "1-0"]
[WhiteElo "2220"]
[BlackElo "2315"]
[EventDate "1994.02.05"]
[PlyCount "122"]

1.e4 e6 2.d4 d5 3.Nc3 Bb4 4.e5 Ne7 5.a3 Bxc3+ 6.bxc3 c5 7.Nf3 b6 8.Bb5+ 
Bd7 9.Bd3 Nbc6 10.h4 Qc7 11.Kf1 f6 12.Bf4 O-O-O 13.g3 f5 14.a4 Na5 15.h5 
h6 16.Kg2 Nc4 17.Qb1 Rdg8 18.Qa2 Na5 19.Bc1 Kb8 20.Ba3 Ka8 21.Be2 Rc8 22.
Ne1 Be8 23.Ba6 Rb8 24.Nd3 Nec6 25.Rae1 cxd4 26.Bd6 Qf7 27.cxd4 Nxd4 28.
Bxb8 Kxb8 29.Qa3 Qc7 30.Qb2 Ndc6 31.Rh4 Bd7 32.c4 dxc4 33.Bxc4 Qb7 34.Kh2 
Ne7 35.Ba2 g5 36.Rd4 Bc8 37.Rd6 Qf3 38.Qe2 Qxe2 39.Rxe2 Nb7 40.Rd4 Nc6 41.
Rc4 Nba5 42.Rc3 Rd8 43.Rb2 Rd4 44.Nc5 Nxe5 45.Bxe6 Bxe6 46.Nxe6 Rxa4 47.
Rd2 Nac4 48.Rd8+ Kb7 49.Rf8 Ng4+ 50.Kg1 Ra1+ 51.Kg2 Nd6 52.Rc7+ Ka6 53.Rd7
Ne4 54.Rxf5 b5 55.Rd4 Nef6 56.Nc7+ Kb6 57.Nxb5 Ra5 58.Rd6+ Kb7 59.Rdxf6 
Nxf6 60.Nd6+ Ka6 61.Rxf6 1-0

[Event "16th Reykjavik op"]
[Site "Reykjavik ISL"]
[Date "1994.02.12"]
[Round "8"]
[White "Van Parreren, Hanneke"]
[Black "Vidarsson, Jon"]
[Result "0-1"]
[WhiteElo "2195"]
[BlackElo "2310"]
[EventDate "1994.02.05"]
[PlyCount "58"]

1.d4 f5 2.c4 Nf6 3.Nf3 g6 4.g3 Bg7 5.Bg2 d6 6.O-O O-O 7.Nc3 c6 8.d5 Qe8 9.
Rb1 a5 10.Nd4 e5 11.dxe6 Bxe6 12.b3 Na6 13.Bf4 Rd8 14.Nxe6 Qxe6 15.Qd2 Nc5
16.Rbd1 Ng4 17.Rfe1 a4 18.Qc2 axb3 19.axb3 Qf6 20.Bd2 f4 21.Bf3 fxg3 22.
hxg3 Ne5 23.Ne4 Nxf3+ 24.exf3 Qxf3 25.Bg5 Nxe4 26.Rxe4 Rde8 27.Rxe8 Rxe8 
28.Be3 Be5 29.Bb6 Bxg3 0-1

[Event "16th Reykjavik op"]
[Site "Reykjavik ISL"]
[Date "1994.02.13"]
[Round "9"]
[White "Garcia, Gildardo"]
[Black "Pigusov, Evgeny"]
[Result "0-1"]
[WhiteElo "2520"]
[BlackElo "2570"]
[EventDate "1994.02.05"]
[PlyCount "84"]

1.e4 c5 2.Nf3 d6 3.d4 cxd4 4.Nxd4 Nf6 5.Nc3 a6 6.Bg5 e6 7.f4 Qb6 8.Qd2 
Qxb2 9.Nb3 Qa3 10.Be2 Nbd7 11.O-O Be7 12.Kh1 Qb4 13.Qe3 h6 14.Bh4 Ng4 15.
Bxg4 Bxh4 16.f5 Ne5 17.Be2 Bg5 18.Qg3 Bd7 19.a3 Qb6 20.Rad1 Qe3 21.fxe6 
Bxe6 22.Qxe3 Bxe3 23.Rxd6 Ke7 24.Rfd1 Rhc8 25.Nd5+ Bxd5 26.R6xd5 f6 27.Bd3
Rc3 28.Rb1 b5 29.g3 Rd8 30.Rxd8 Kxd8 31.Rd1 Kc7 32.Kg2 Kb6 33.Kf1 Bc5 34.
Ke1 Nxd3+ 35.Rxd3 Rxc2 36.Nxc5 Rxc5 37.Kd2 Ka5 38.Rd4 Rc4 39.Rxc4 bxc4 40.
Kc3 Kb5 41.Kd4 h5 42.h3 g5 0-1